000 00654cam a2200193 i 4500
005 20260217102709.0
008 250721s9999 jo gr 000 0 ara d
082 1 4 _a411.7
_bم و س
100 1 _aالسلام،أيمن عبد
_eمعد.
245 1 0 _aموسوعة الخط العربي /
_cإعداد د. أيمن عبد السلام.
250 _aالطبعة الأولى.
264 3 1 _aعمان :
_bدار أسامة للنشر والتوزيع،
_c2000.
300 _a239صفحة.
650 1 7 _aاللغة العربية.
650 1 7 _aالخط.
650 1 7 _aالخط العربي.
942 _2ddc
_cBK
999 _c10540
_d10540